000
00209nam a2200097Ia 4500
008
220204s9999 xx 000 0 und d
082
_a
82-3
_b
DEN
100
_a
Denker, Henry
245
0
_a
Kingmaker
942
_c
BK
999
_c
32116
_d
32116